European Soccer Champions 2013 - Statistics

General Stats
  • This quiz has been taken 957 times
  • The average score is 17 of 51
Answer Stats
Hint Answer % Correct
Germany Bayern Munich
99%
Spain FC Barcelona
96%
Italy Juventus
95%
Portugal FC Porto
93%
France Paris Saint-Germain
92%
Netherlands Ajax Amsterdam
91%
England Manchester United
90%
Scotland Celtic Glasgow
81%
Russia CSKA Moscow
74%
Turkey Galatasaray
74%
Belgium Anderlecht Brussels
69%
Switzerland FC Basel
62%
Georgia Dinamo Tibilisi
59%
Croatia Dinamo Zagreb
59%
Denmark FC Copenhagen
55%
Greece Olympiakos Pireus
51%
Ukraine Shakhtar Donetsk
50%
Cyprus APOEL Nicosia
49%
Poland Legia Warsaw
44%
Austria Austria Wien
43%
Israel Maccabi Tel Aviv
40%
Romania Steaua Bucharest
40%
Serbia Partizan Belgrad
35%
Belarus BATE Borisov
30%
Cech Republic Victoria Pilzen
25%
Finland HJK Helsinki
23%
Slovenia NK Maribor
22%
Norway Molde
21%
Slovakia Slovan Bratislava
21%
Moldova Sheriff Tiraspol
14%
Wales The New Saints
7%
Macedonia Vardar Skopje
7%
Bosnia FK Željezničar
6%
Sweden IF Elfsborg
5%
Albania Skënderbeu Korce
3%
Irland Sligo Rovers
3%
Ireland Cliftonville
2%
Azerbaijan Neftçi
2%
San Marino SP Tre Penne
2%
Malta Birkirkara
1%
Faroe Islands EB/Streymur
1%
Lithuania Ekranas
1%
Latvia FC Daugava
1%
Montenegro FK Sutjeska Nikšić
1%
Luxembourg Fola Esch
1%
Hungary Győri
1%
Andorra Lusitanos
1%
Estonia Nõmme Kalju
1%
Armenia Shirak Gyumri
1%
Iceland FH Hafnarfjörður
0%
Kazakhstan Shakhtyor Karaganda
0%
No matching quizzes found
Score Distribution
Percent of People with Each Score
Percentile by Number Answered
Your Score History
You have not taken this quiz